| 000 | nam a22 a 4500 | ||
|---|---|---|---|
| 999 |
_c425986 _d425986 |
||
| 003 | BLK | ||
| 005 | 20210730084845.0 | ||
| 008 | 180408b bul|||||r ||||||| ||bul|| | ||
| 040 | _aBLK | ||
| 041 |
_aRUS _cRUS |
||
| 080 |
_aРуска литература _b821.161.1 _x-31 _z821.161.1-31 |
||
| 100 | 1 |
_aТолстой, Лев Николаевич _eпърви автор _9367573 |
|
| 139 |
_aТолстой, Лев Николаевич _bТ 67 |
||
| 245 | 1 | 0 |
_aВойна и мир _b[В 2 кн.] _cЛев Николаевич Толстой ; Послесл. С. Бычкова _n[Кн. 2], т. 3-4 |
| 257 | _aRUS | ||
| 260 |
_bГослитиздат _c1949 _9438196 _aМосква |
||
| 300 |
_a784 с. _c20 см |
||
| 380 | _aX | ||
| 490 |
_9460412 _aБиблиотека русского романа |
||
| 700 |
_9958 _a Бычков, С. _eпослесл. |
||
| 760 | 1 |
_aТолстой, Лев Николаевич _h626 с., 26 л. _tТ. 3-4 |
|
| 852 |
_aЦб 8.200.36849 _bЦб |
||
| 942 |
_cKNG _n0 _s1 |
||
| 944 |
_aCR _c2021-07-30 _l2021-07-30 _kРенета Константинова |
||
| 999 | _d396497 | ||